Responses for Show #5310 - Friday, October 12, 2007

2007 Kids Week game 5.

Contestants

[<< previous game]

Elijah Granet, a 12-year-old from San Diego, California

Shay Collins, an 11-year-old from Averill Park, New York

Michelle Cinguina, an 11-year-old from Stamford, Connecticut

[next game >>]

Jeopardy! Round responses

BOOKS
MUSICAL THEATRE
WHEN YOU GROW UP
GUINNESS RECORDS
MYTHOLOGY
TONGUE TWISTERS
    $200 4
Harriet the Spy

Elijah
    $200 11
Christmas

Shay
    $200 12
firefighter

Shay
    $200 25
rain

Michelle
    $200 3
Hercules

Michelle
    $200 16
the seashore

Elijah
    $400 7
the Berenstain Bears

Shay
    $400 9
The Little Mermaid

Shay
    $400 13
Colorado

Michelle
    $400 26
puppies

Michelle
    $400 5
Zeus

Elijah
    $400 22
hurricanes

Triple Stumper
    $600 8
the Oompa Loompas

Michelle
    $600 1
Aladdin

Michelle
    $600 19
mate

Shay
    $600 27
a pyramid

Shay
    $600 6
Pandora

Michelle
    $600 23
sheep

Michelle
    $800 14
Bridge to Terabithia

Michelle
    $800 2
Sleeping Beauty

Elijah
    $800 20
a missionary

Elijah
    $800 29
the English Channel

Elijah
    $800 17
Poseidon

Elijah
    $800 24
Arkansas

Elijah
    $1000 15
a cricket

Michelle
    $1000 10
Simba

Michelle
    $1000 21
a cubicle

Shay
    $1000 30
Saudi Arabia

Michelle
    $1,200 18
the Sphinx

Elijah
    $1000 28
a skunk

Elijah

Scores at the first commercial break (after clue 15):

Michelle Shay Elijah
$5,200 $1,200 $1,400

Scores at the end of the Jeopardy! Round:

Michelle Shay Elijah
$7,400 $3,400 $7,000

Double Jeopardy! Round responses

THOMAS JEFFERSON
GOOD SPORTS
AROUND THE WORLD
BODY BASICS
BIRDS
"B"s
    $400 2
(Michelle: What is New Jersey?)

Virginia

Michelle
Triple Stumper
    $400 13
Tiger Woods

Triple Stumper
    $400 18
snow

Michelle
    $400 8
the iris

Elijah
    $400 25
a woodpecker

Shay
    $400 1
(Michelle: [Scowls, laughs] I have no idea.)

bacon

MichelleElijah
    $800 3
Paris

Elijah
    $800 14
Shaquille O'Neal

Shay
    $800 19
(2 of) Brazil, Argentina, Peru, & Venezuela

Elijah
    $800 9
(Michelle: What is a bruise?)

a birthmark

Michelle
Triple Stumper
    $800 27
(Michelle: I don't know.)

the peacock

Michelle
Triple Stumper
    $800 7
the bell

Triple Stumper
    $1200 4
(Elijah: What is the Washington Monument?)

his own tombstone (or his own grave marker)

Elijah
Triple Stumper
    $1200 15
the Boston Red Sox

Shay
    $1200 20
(Michelle: What is Denmark?)
(Elijah: What is Helsinki?)

Stockholm

MichelleElijah
Triple Stumper
    $2,400 10
(Elijah: What is the liver?)

the brain

Elijah
    $1200 28
[The end-of-round signal sounds.]

the ostrich

Michelle
    $1200 12
a booster

Triple Stumper
    $3,000 5
(Alex: [*], yes, his collection of [*], because the Library of Congress had burned, they'd lost most of their books.)

books

Elijah
    $1600 16
Yao Ming

Shay
    $1600 21
(Michelle: What is... oh, I know this. Winter?)
(Elijah: What is spring?)

the cherry blossoms

MichelleElijah
Triple Stumper
    $1600 11
the arteries

Michelle
    $1600 23
braces

Michelle
    $2000 6
John Adams

Michelle
    $2000 17
Brett Favre

Shay
    $2000 22
(Michelle: What is the Red?)

the Mediterranean

MichelleElijah
    $2000 24
white blood cells

Elijah
    $2000 26
bacteria

Elijah

Scores at the end of the Double Jeopardy! Round:

Michelle Shay Elijah
$7,000 $9,400 $12,000

[wagering suggestions for these scores]

Final Jeopardy! Round responses

THE MOVIES
MichelleWhat is Finding Nemo?
$5,059
ShayWhat is [Finding scribbled out] Finding Nemo?
$8,002
ElijahWhat is finding nemo?
$6,300
Finding Nemo

Final scores:

Michelle Shay Elijah
$12,059 $17,402 $18,300
3rd place: $1,000 + the Jeopardy! DVD Home Game System 2nd place: $2,000 + the Jeopardy! DVD Home Game System Winner: $18,300 + the Jeopardy! DVD Home Game System

Game dynamics:

Coryat scores:

Michelle Shay Elijah
$7,000 $9,400 $12,800
17 R,
7 W
12 R,
0 W
18 R
(including 2 DDs),
4 W
(including 1 DD)

Combined Coryat: $29,200

[game clues] [game scores] [suggest correction]

Game tape date: 2007-08-20
The J! Archive is created by fans, for fans. Scraping, republication, monetization, and malicious use prohibited; this site may use cookies and collect identifying information. See terms. The Jeopardy! game show and all elements thereof, including but not limited to copyright and trademark thereto, are the property of Jeopardy Productions, Inc. and are protected under law. This website is not affiliated with, sponsored by, or operated by Jeopardy Productions, Inc. Join the discussion at JBoard.tv.